[Event "Curitiba op"]
[Site "Curitiba"]
[Date "2023.03.31"]
[Round "1"]
[White "De Franca Junior, Paulo Gomes"]
[Black "De Oliveira, Matheus Tavares"]
[Result "0-1"]
[WhiteElo "1800"]
[BlackElo "1604"]
[PlyCount "84"]
[EventDate "2023.03.31"]
[EventType "swiss"]
[EventRounds "5"]
[EventCountry "BRA"]
[SourceTitle "EXT 2024"]
[Source "ChessBase"]
[SourceDate "2023.10.10"]
[SourceVersion "1"]
[SourceVersionDate "2023.10.10"]
[SourceQuality "1"]

1. c4 Nf6 2. Nc3 g6 3. b3 Bg7 4. Bb2 0-0 5. Nf3 d6 6. g3 e5 7. Bg2 c5 8. 0-0 Nc6 9. e3 Bg4 10. h3 Bf5 11. d3 Qd7 12. Kh2 e4 13. dxe4 Nxe4 14. Rc1 Rfe8 15. Nd2 Nxc3 16. Bxc3 Bxc3 17. Rxc3 Qc7 18. Nf3 Rad8 19. Nh4 Bd7 20. Rd3 Re6 21. Qa1 Ne5 22. Rd2 Bc6 23. Bd5 Bxd5 24. Rxd5 Qe7 25. Ng2 Nf3+ 26. Kh1 Re4 27. Rfd1 Qe6 28. g4 Rxg4 29. hxg4 Qxg4 30. Nf4 g5 31. Qf6 gxf4 32. Qxd8+ Kg7 33. Rg5+ Nxg5 34. Qxg5+ Qxg5 35. Rg1 Qxg1+ 36. Kxg1 fxe3 37. fxe3 Kf6 38. Kg2 Ke5 39. Kf3 h5 40. Kg3 Ke4 41. Kh4 Kxe3 42. Kxh5 f5 0-1